[Event "Sunway Formentera op 2nd"]
[Site "Sant Ferran de ses Roques"]
[Date "2023.04.20"]
[Round "3"]
[White "Krzywda, Andrzej"]
[Black "Arnott, Jonathan"]
[Result "1-0"]
[WhiteElo "2223"]
[BlackElo "2080"]
[PlyCount "81"]
[EventDate "2023.04.18"]
[EventType "swiss"]
[EventRounds "10"]
[EventCountry "ESP"]
[SourceTitle "CBM 213 Extra"]
[Source "ChessBase"]
[SourceDate "2023.05.31"]
[SourceVersion "1"]
[SourceVersionDate "2023.05.31"]
[SourceQuality "1"]

1. e4 e6 2. d4 d5 3. Nc3 Nf6 4. e5 Nfd7 5. f4 c5 6. Nf3 Nc6 7. Be3 Qb6 8. Na4 Qa5+ 9. c3 b6 10. Bd2 c4 11. b3 b5 12. Nc5 Qc7 13. b4 Bxc5 14. bxc5 f6 15. Be2 0-0 16. 0-0 a5 17. Qe1 Ba6 18. a3 Rae8 19. Bd1 Re7 20. Bc2 f5 21. Qh4 Rb8 22. g4 g6 23. gxf5 gxf5 24. Kh1 Nf8 25. Rg1+ Ng6 26. Qh5 Rg7 27. Rg2 Nce7 28. Rag1 Rf8 29. Be1 Kh8 30. Bh4 Nxf4 31. Rxg7 Nxh5 32. Rxe7 Qc8 33. Rg5 Re8 34. Rxh5 Rxe7 35. Bxe7 Kg8 36. Rg5+ Kf7 37. Bf6 b4 38. Rg7+ Kf8 39. axb4 Qc6 40. Ng5 axb4 41. Rxh7 1-0

[Event "BCF-chT 2223 (4NCL)"]
[Site "England"]
[Date "2023.02.11"]
[Round "5.2"]
[White "Terbe, Julianna"]
[Black "Arnott, Jonathan"]
[Result "1/2-1/2"]
[WhiteElo "2281"]
[BlackElo "2073"]
[PlyCount "80"]
[EventDate "2022.10.22"]
[EventType "team-swiss"]
[EventRounds "11"]
[EventCountry "ENG"]
[SourceTitle "CBM 213 Extra"]
[Source "ChessBase"]
[SourceDate "2023.05.31"]
[SourceVersion "1"]
[SourceVersionDate "2023.05.31"]
[SourceQuality "1"]
[WhiteTeam "Chess.com Manx Liberty"]
[BlackTeam "Chessable White Rose II"]
[WhiteTeamCountry "ENG"]
[BlackTeamCountry "ENG"]

1. d4 e6 2. c4 f5 3. Nf3 Nf6 4. g3 Be7 5. Bg2 0-0 6. 0-0 d6 7. Nc3 Ne4 8. Qd3 Nxc3 9. bxc3 Nd7 10. e4 fxe4 11. Qxe4 Nf6 12. Qe2 c6 13. Ng5 e5 14. dxe5 dxe5 15. h3 Qa5 16. Re1 Bc5 17. Be3 h6 18. Nf3 Bxe3 19. Qxe3 e4 20. Nd2 Bf5 21. Nxe4 Nxe4 22. Bxe4 Rae8 23. Qd4 Bxe4 24. Rxe4 Rxe4 25. Qxe4 Qxc3 26. Re1 Qf6 27. Re2 Qf5 28. Qe7 Rf7 29. Qd8+ Rf8 30. Qd4 c5 31. Qb2 Qd7 32. Qe5 b6 33. Kh2 Rf3 34. Qh5 Qf7 35. Re8+ Kh7 36. Qxf7 Rxf7 37. Kg2 Rd7 38. Kf3 Rd3+ 39. Re3 Rd4 40. Re4 Rd3+ 1/2-1/2

[Event "Hastings Masters op"]
[Site "Hastings"]
[Date "2022.12.31"]
[Round "4"]
[White "Hutchinson, Paul A"]
[Black "Arnott, Jonathan"]
[Result "0-1"]
[WhiteElo "2135"]
[BlackElo "2063"]
[PlyCount "90"]
[EventDate "2022.12.28"]
[EventType "swiss"]
[EventRounds "10"]
[EventCountry "ENG"]
[SourceTitle "CBM 212 Extra"]
[Source "ChessBase"]
[SourceDate "2023.03.31"]
[SourceVersion "1"]
[SourceVersionDate "2023.03.31"]
[SourceQuality "1"]

1. d4 e6 2. Bf4 c5 3. e3 cxd4 4. exd4 Qb6 5. b3 Nf6 6. c3 Nc6 7. Nf3 Be7 8. Bd3 Nd5 9. Bd2 Bf6 10. 0-0 Qc7 11. g3 a6 12. Na3 b5 13. Nc2 Bb7 14. Ne3 Nxe3 15. fxe3 Qb6 16. Be1 d5 17. Bf2 Ne7 18. a4 0-0 19. Qe2 Bc6 20. a5 Qb7 21. g4 g6 22. Bg3 Rac8 23. Bd6 Bg7 24. Qf2 Qd7 25. Qg3 f6 26. h4 Rcd8 27. Bf4 Bb7 28. Rac1 Nc6 29. b4 e5 30. dxe5 fxe5 31. Bg5 e4 32. Bxd8 Nxd8 33. Be2 exf3 34. Bxf3 Nc6 35. Rfd1 Ne5 36. Be2 Qc6 37. Kh2 Nc4 38. Kh3 Be5 39. Qg1 Qe6 40. Rf1 Rxf1 41. Bxf1 h5 42. Bd3 Nxe3 43. Be2 d4 44. cxd4 hxg4+ 45. Bxg4 Nxg4 0-1

[Event "Hastings Masters op"]
[Site "Hastings"]
[Date "2022.12.30"]
[Round "3"]
[White "Arnott, Jonathan"]
[Black "O'Gorman, Tom"]
[Result "1/2-1/2"]
[WhiteElo "2063"]
[BlackElo "2376"]
[PlyCount "84"]
[EventDate "2022.12.28"]
[EventType "swiss"]
[EventRounds "10"]
[EventCountry "ENG"]
[SourceTitle "CBM 212 Extra"]
[Source "ChessBase"]
[SourceDate "2023.03.31"]
[SourceVersion "1"]
[SourceVersionDate "2023.03.31"]
[SourceQuality "1"]

1. e4 c5 2. Nf3 d6 3. Bb5+ Nd7 4. d4 cxd4 5. Qxd4 a6 6. Bxd7+ Bxd7 7. 0-0 Nf6 8. Bg5 e6 9. e5 dxe5 10. Nxe5 Bb5 11. Qxd8+ Rxd8 12. c4 Bc6 13. Nc3 Bb4 14. Nxc6 bxc6 15. Ne2 Bd2 16. Bxf6 gxf6 17. Rfd1 Ke7 18. Kf1 f5 19. Nc1 Bg5 20. Nd3 Bf6 21. Nb4 Rc8 22. Nd3 c5 23. Rd2 Bd4 24. Re1 Rhd8 25. Ne5 a5 26. Nf3 Bf6 27. Red1 Bxb2 28. Rxd8 Rxd8 29. Rxd8 Kxd8 30. a4 Ke7 31. Nd2 Kd6 32. Nb3 Bc3 33. f4 h5 34. g3 Bb4 35. Ke2 Ke7 36. h4 e5 37. Kf2 Kd6 38. Ke2 Bc3 39. Kf2 Bd4+ 40. Kf3 Bc3 41. Kf2 Bb4 42. Ke2 Bc3 1/2-1/2

[Event "Hull 4NCL op"]
[Site "Hull"]
[Date "2022.10.16"]
[Round "4"]
[White "Carmichael, Ned"]
[Black "Arnott, Jonathan"]
[Result "0-1"]
[WhiteElo "1866"]
[BlackElo "2081"]
[PlyCount "42"]
[EventDate "2022.10.14"]
[EventType "swiss"]
[EventRounds "5"]
[EventCountry "ENG"]
[SourceTitle "CBM 210 Extra"]
[Source "ChessBase"]
[SourceDate "2022.11.30"]
[SourceVersion "1"]
[SourceVersionDate "2022.11.30"]
[SourceQuality "1"]

1. Nf3 f5 2. c4 Nf6 3. g3 d6 4. d4 e6 5. Bg2 Be7 6. 0-0 0-0 7. b3 Qe8 8. Bb2 Qh5 9. e3 g5 10. Nfd2 Qh6 11. Nc3 f4 12. e4 e5 13. Nd5 Nxd5 14. cxd5 g4 15. f3 fxg3 16. hxg3 Bg5 17. Rf2 Be3 18. dxe5 gxf3 19. Bxf3 Qh3 20. Nf1 Bxf2+ 21. Kxf2 Bg4 0-1

[Event "Villa de Gijon op 6th"]
[Site "Gijon"]
[Date "2022.09.13"]
[Round "6"]
[White "Szpar, Milosz"]
[Black "Arnott, Jonathan"]
[Result "1-0"]
[WhiteElo "2442"]
[BlackElo "2131"]
[PlyCount "61"]
[EventDate "2022.09.10"]
[EventType "swiss"]
[EventRounds "9"]
[EventCountry "ESP"]
[SourceTitle "CBM 210 Extra"]
[Source "ChessBase"]
[SourceDate "2022.11.30"]
[SourceVersion "1"]
[SourceVersionDate "2022.11.30"]
[SourceQuality "1"]

1. e4 e6 2. d4 d5 3. Nc3 Nf6 4. Bg5 Be7 5. e5 Nfd7 6. h4 c5 7. Bxe7 Kxe7 8. Qd2 Nc6 9. dxc5 Ndxe5 10. 0-0-0 Qa5 11. f4 d4 12. fxe5 dxc3 13. Qd6+ Ke8 14. Rh3 Qb4 15. Rxc3 Qf4+ 16. Kb1 Qxe5 17. Qd2 f6 18. Nf3 Qc7 19. Rd3 Kf7 20. Rd6 Ne7 21. g4 Qxc5 22. b4 Qc7 23. Ng5+ fxg5 24. Qf2+ Nf5 25. gxf5 Rf8 26. hxg5 Kg8 27. f6 Qc3 28. R1d4 e5 29. Rc4 Qa3 30. f7+ Kh8 31. Rd8 1-0

[Event "Newcastle Northumbria Masters"]
[Site "Newcastle on Tyne"]
[Date "2022.08.30"]
[Round "9"]
[White "Kumar, Sanjit S"]
[Black "Arnott, Jonathan"]
[Result "1/2-1/2"]
[WhiteElo "1711"]
[BlackElo "2160"]
[PlyCount "97"]
[EventDate "2022.08.26"]
[EventType "swiss"]
[EventRounds "9"]
[EventCountry "ENG"]
[SourceTitle "CBM 210 Extra"]
[Source "ChessBase"]
[SourceDate "2022.11.30"]
[SourceVersion "1"]
[SourceVersionDate "2022.11.30"]
[SourceQuality "1"]

1. d4 e6 2. c4 Nf6 3. Nc3 Bb4 4. Qc2 d6 5. e4 c5 6. dxc5 dxc5 7. e5 Nfd7 8. Nf3 Nc6 9. Bf4 Qa5 10. 0-0-0 Bxc3 11. bxc3 Qc7 12. Rd6 Ndxe5 13. Rxc6 Nd3+ 14. Kb1 Qxf4 15. Rxc8+ Rxc8 16. Bxd3 Rc6 17. Be4 Rb6+ 18. Ka1 f5 19. Qa4+ Ke7 20. Qxa7 Qc7 21. Rb1 Rxb1+ 22. Bxb1 Rd8 23. Qa4 Rd6 24. Qc2 Qa5 25. Qb2 b6 26. Bc2 Kf8 27. a4 h6 28. h4 Qa8 29. Qc1 Qd8 30. Qf4 Kg8 31. g4 fxg4 32. Ne5 Qf6 33. Qe4 Kf8 34. Nxg4 Qxc3+ 35. Ka2 Rd4 36. Qa8+ Ke7 37. Qb7+ Rd7 38. Qe4 Rd4 39. Qb7+ Rd7 40. Qe4 Qd4 41. Qe2 Qc3 42. Qe4 Qd4 43. Qe2 Qd2 44. Qe4 Ra7 45. Kb1 Qb4+ 46. Ka2 Qd2 47. Kb1 Qb4+ 48. Ka2 Qd2 49. Kb1 1/2-1/2

[Event "Newcastle Northumbria Masters"]
[Site "Newcastle on Tyne"]
[Date "2022.08.28"]
[Round "4"]
[White "Verma, Shlok"]
[Black "Arnott, Jonathan"]
[Result "1-0"]
[WhiteElo "1864"]
[BlackElo "2160"]
[PlyCount "67"]
[EventDate "2022.08.26"]
[EventType "swiss"]
[EventRounds "9"]
[EventCountry "ENG"]
[SourceTitle "CBM 210 Extra"]
[Source "ChessBase"]
[SourceDate "2022.11.30"]
[SourceVersion "1"]
[SourceVersionDate "2022.11.30"]
[SourceQuality "1"]

1. d4 e6 2. c4 Nf6 3. Nf3 Bb4+ 4. Bd2 a5 5. a3 Bxd2+ 6. Qxd2 b6 7. e3 0-0 8. Bd3 d5 9. Nc3 dxc4 10. Bxc4 Ba6 11. Qe2 Nd5 12. Rc1 c6 13. Bxa6 Nxa6 14. Nxd5 Qxd5 15. 0-0 c5 16. Qb5 Rfb8 17. Rfd1 Qh5 18. dxc5 g6 19. Rd6 Nxc5 20. Rxb6 Rxb6 21. Qxb6 Nd3 22. Rd1 Qf5 23. h3 Rc8 24. Qa6 Rd8 25. Rd2 Qe4 26. Ne1 Nxe1 27. Rxd8+ Kg7 28. Qf1 Qb1 29. Rd2 Qc1 30. Re2 Nd3 31. Qxc1 Nxc1 32. Rc2 Nd3 33. Rd2 Nc5 34. b4 1-0

[Event "BCF-chT 2122 (4NCL)"]
[Site "England"]
[Date "2022.02.13"]
[Round "4.94"]
[White "Brewer, Callum D"]
[Black "Arnott, Jonathan"]
[Result "1/2-1/2"]
[WhiteElo "2147"]
[BlackElo "2121"]
[PlyCount "42"]
[EventDate "2021.11.27"]
[EventType "team-swiss"]
[EventRounds "11"]
[EventCountry "ENG"]
[SourceTitle "EXT 2023"]
[Source "ChessBase"]
[SourceDate "2022.10.05"]
[SourceVersion "1"]
[SourceVersionDate "2022.10.05"]
[SourceQuality "1"]
[WhiteTeam "Sussex Martlets"]
[BlackTeam "Chessable White Rose II"]
[WhiteTeamCountry "ENG"]
[BlackTeamCountry "ENG"]

1. e4 e6 2. d4 d5 3. Nd2 Nf6 4. e5 Nfd7 5. Bd3 c5 6. c3 Nc6 7. Ne2 cxd4 8. cxd4 f6 9. exf6 Nxf6 10. 0-0 Bd6 11. Nf3 0-0 12. h3 Bd7 13. Re1 e5 14. dxe5 Nxe5 15. Nxe5 Bxe5 16. Be3 Bxb2 17. Rb1 Be5 18. Rxb7 Qa5 19. Bd2 Qc5 20. Be3 Qa5 21. Bd2 Qc5 1/2-1/2

[Event "Harrogate 4NCL op 24th"]
[Site "Harrogate"]
[Date "2020.01.19"]
[Round "4"]
[White "Hymer, Barry J"]
[Black "Arnott, Jonathan"]
[Result "0-1"]
[WhiteElo "1874"]
[BlackElo "2127"]
[PlyCount "54"]
[EventDate "2020.01.17"]
[EventType "swiss"]
[EventRounds "5"]
[EventCountry "ENG"]
[SourceTitle "CBM 195 Extra"]
[Source "ChessBase"]
[SourceDate "2020.05.31"]
[SourceVersion "1"]
[SourceVersionDate "2020.05.31"]
[SourceQuality "1"]

1. e4 e6 2. d3 d5 3. Nd2 Nf6 4. g3 dxe4 5. dxe4 Bc5 6. Bg2 Nc6 7. Ngf3 b6 8. 0-0 Ba6 9. c4 0-0 10. Qe2 Nb4 11. Ne1 e5 12. a3 Nc6 13. Nc2 Nd4 14. Nxd4 Bxd4 15. Nf3 c5 16. h3 Qd7 17. a4 Ne8 18. Rd1 Nd6 19. Nxd4 Bxc4 20. Qh5 exd4 21. e5 Rae8 22. exd6 Be2 23. Bf3 Bxd1 24. Bxd1 Re1+ 25. Kg2 Qxd6 26. Bf4 Qe7 27. Bc2 Qb7+ 0-1

[Event "Harrogate 4NCL op 24th"]
[Site "Harrogate"]
[Date "2020.01.18"]
[Round "3"]
[White "Arnott, Jonathan"]
[Black "Wells, Peter K"]
[Result "0-1"]
[WhiteElo "2127"]
[BlackElo "2390"]
[PlyCount "52"]
[EventDate "2020.01.17"]
[EventType "swiss"]
[EventRounds "5"]
[EventCountry "ENG"]
[SourceTitle "CBM 194 Extra"]
[Source "ChessBase"]
[SourceDate "2020.03.31"]
[SourceVersion "1"]
[SourceVersionDate "2020.03.31"]
[SourceQuality "1"]

1. e4 c5 2. Nf3 Nc6 3. Bb5 e6 4. 0-0 Nge7 5. Re1 Nd4 6. Bf1 Nec6 7. c3 Nxf3+ 8. Qxf3 g6 9. d3 Bg7 10. Na3 0-0 11. Qg3 d5 12. exd5 Qxd5 13. Nb5 Qd7 14. Nd6 Ne7 15. Be3 b6 16. Nxc8 Raxc8 17. Qh3 Nf5 18. Be2 b5 19. Rad1 b4 20. cxb4 cxb4 21. Rd2 Qd5 22. Ra1 Bd4 23. g4 Nxe3 24. fxe3 Qg5 25. Rdd1 Bxe3+ 26. Kh1 Rc2 0-1

[Event "Harrogate 4NCL op 24th"]
[Site "Harrogate"]
[Date "2020.01.18"]
[Round "2"]
[White "Cohen, Gerald M"]
[Black "Arnott, Jonathan"]
[Result "0-1"]
[WhiteElo "1902"]
[BlackElo "2127"]
[PlyCount "90"]
[EventDate "2020.01.17"]
[EventType "swiss"]
[EventRounds "5"]
[EventCountry "ENG"]
[SourceTitle "CBM 194 Extra"]
[Source "ChessBase"]
[SourceDate "2020.03.31"]
[SourceVersion "1"]
[SourceVersionDate "2020.03.31"]
[SourceQuality "1"]

1. d4 d5 2. Bf4 c6 3. e3 Qb6 4. Nd2 Qxb2 5. Rb1 Qxa2 6. Ra1 Qb2 7. Bd3 Na6 8. Rb1 Qa3 9. Ngf3 Nb4 10. Nb3 Nxd3+ 11. Qxd3 e6 12. 0-0 Nf6 13. Ra1 Qe7 14. h3 Qd8 15. Rfb1 Bd6 16. Ne5 Qe7 17. Na5 0-0 18. Rb3 Bxe5 19. Bxe5 Nd7 20. Bg3 c5 21. Rb5 c4 22. Qe2 a6 23. Rbb1 Nf6 24. f3 b5 25. Nc6 Qb7 26. Ne5 Bd7 27. Be1 Rfc8 28. Ba5 Be8 29. c3 Nd7 30. Ng4 f6 31. e4 Bg6 32. Re1 Re8 33. Rad1 h5 34. Nf2 e5 35. dxe5 dxe4 36. Nxe4 Bxe4 37. fxe4 Rxe5 38. Rd4 Rae8 39. Bb4 Nc5 40. Bxc5 Rxc5 41. Qd2 Rce5 42. Rd7 Qb6+ 43. Kh1 Qc5 44. Re3 Rxe4 45. Rg3 Re1+ 0-1

[Event "Harrogate 4NCL op 24th"]
[Site "Harrogate"]
[Date "2020.01.17"]
[Round "1"]
[White "Arnott, Jonathan"]
[Black "Cast, Julian"]
[Result "1/2-1/2"]
[WhiteElo "2127"]
[BlackElo "1885"]
[PlyCount "122"]
[EventDate "2020.01.17"]
[EventType "swiss"]
[EventRounds "5"]
[EventCountry "ENG"]
[SourceTitle "CBM 194 Extra"]
[Source "ChessBase"]
[SourceDate "2020.03.31"]
[SourceVersion "1"]
[SourceVersionDate "2020.03.31"]
[SourceQuality "1"]

1. d4 e6 2. e4 d5 3. Nd2 dxe4 4. Nxe4 Nd7 5. Nf3 Ngf6 6. Nxf6+ Nxf6 7. Bd3 c5 8. 0-0 cxd4 9. Nxd4 Bc5 10. Nb3 Bd6 11. Bb5+ Bd7 12. Qxd6 Bxb5 13. Qxd8+ Rxd8 14. Re1 b6 15. a4 Bc4 16. Nd2 Bd5 17. c4 Bb7 18. a5 0-0 19. Nf1 bxa5 20. Rxa5 a6 21. Bg5 Rc8 22. Bxf6 gxf6 23. Rc1 Rfd8 24. c5 Rd5 25. Ne3 Rd2 26. Nc4 Rd4 27. f3 e5 28. Rc3 Rd1+ 29. Kf2 Rb1 30. Rc2 Rc6 31. Nd6 Ba8 32. Rd2 h6 33. Kg3 Kg7 34. Nf5+ Kh7 35. Nd6 Kg6 36. h4 h5 37. Nc4 Rc1 38. Nb6 Bb7 39. Rd7 Bc8 40. Nxc8 Rxc8 41. Rxa6 R8xc5 42. Rdd6 R5c2 43. Rxf6+ Kg7 44. Rf5 Rxb2 45. Rxh5 Rcc2 46. Rg5+ Kf8 47. Kh3 Re2 48. h5 e4 49. h6 Rb1 50. Kh2 Ree1 51. fxe4 Rxe4 52. Rh5 Ree1 53. Kg3 Rb8 54. h7 Kg7 55. Ra4 Re6 56. Rah4 Rg6+ 57. Rg4 Rh8 58. Rxg6+ Kxg6 59. Kg4 Rxh7 60. Rxh7 Kxh7 61. Kg5 Kg7 1/2-1/2

[Event "BCF-chT2a 1920 (4NCL)"]
[Site "Daventry"]
[Date "2020.01.12"]
[Round "4.33"]
[White "Arnott, Jonathan"]
[Black "Snape, Ian L"]
[Result "1/2-1/2"]
[WhiteElo "2127"]
[BlackElo "2200"]
[PlyCount "72"]
[EventDate "2020.01.11"]
[EventType "team-tourn"]
[EventRounds "11"]
[EventCountry "ENG"]
[SourceTitle "CBM 194 Extra"]
[Source "ChessBase"]
[SourceDate "2020.03.31"]
[SourceVersion "1"]
[SourceVersionDate "2020.03.31"]
[SourceQuality "1"]
[WhiteTeam "Chessable White Rose II"]
[BlackTeam "The ADS"]
[WhiteTeamCountry "ENG"]
[BlackTeamCountry "ENG"]

1. e4 c5 2. c3 d6 3. Nf3 Nf6 4. e5 dxe5 5. Nxe5 a6 6. d4 e6 7. Be3 Qc7 8. Nd2 Be7 9. Bd3 Nbd7 10. Ndf3 b5 11. Nxd7 Bxd7 12. Ne5 Bc6 13. Nxc6 Qxc6 14. 0-0 Rd8 15. dxc5 Bxc5 16. Bxc5 Qxc5 17. Qf3 0-0 18. a4 Rd5 19. axb5 axb5 20. Ra5 Qd6 21. Rd1 Rd8 22. c4 bxc4 23. Rxd5 exd5 24. Bxc4 Qb4 25. b3 Re8 26. Bf1 Rb8 27. Rd3 Rc8 28. g3 Rc1 29. Rd1 Rc3 30. Rd3 Rc2 31. Qf5 Rc1 32. Qe5 h6 33. Kg2 Re1 34. Qd4 Qb5 35. Qc3 Qe8 36. Re3 Rxe3 1/2-1/2

[Event "County-ch final"]
[Site "Kettering"]
[Date "2019.07.13"]
[Round "1.11"]
[White "Arnott, Jonathan"]
[Black "Punnett, Alan Kenneth"]
[Result "1-0"]
[WhiteElo "2120"]
[BlackElo "2018"]
[PlyCount "77"]
[EventDate "2019.07.13"]
[EventType "team"]
[EventRounds "1"]
[EventCountry "ENG"]
[SourceTitle "EXT 2020"]
[Source "ChessBase"]
[SourceDate "2019.10.17"]
[SourceVersion "1"]
[SourceVersionDate "2019.10.17"]
[SourceQuality "1"]
[WhiteTeam "Yorkshire"]
[BlackTeam "Surrey CCA"]
[WhiteTeamCountry "ENG"]
[BlackTeamCountry "ENG"]

1. e4 e6 2. d4 d5 3. Nd2 Be7 4. Ngf3 Nf6 5. e5 Nfd7 6. Bd3 c5 7. c3 Nc6 8. 0-0 Qb6 9. Re1 cxd4 10. cxd4 a5 11. a4 g5 12. Nb3 g4 13. Nfd2 h5 14. Bb5 Nxd4 15. Nxd4 Qxd4 16. Qe2 Kf8 17. Nb3 Qb4 18. Qd1 Nc5 19. Nd4 Ne4 20. Be3 Bg5 21. Bxg5 Nxg5 22. Qc1 Ne4 23. Qe3 Qxb2 24. Rad1 Qb4 25. Qf4 Qe7 26. Rc1 Kg7 27. Bd3 Bd7 28. Bxe4 dxe4 29. Rc7 Rhc8 30. Rxb7 Rab8 31. Nc6 Rxc6 32. Rxb8 Rc7 33. h3 gxh3 34. Qg3+ Kh7 35. Qg8+ Kh6 36. Qh8+ Kg5 37. Rg8+ Kf4 38. g3+ Kf3 39. Re3# 1-0

[Event "BCF-chT3N 1819 (4NCL)"]
[Site "England"]
[Date "2019.05.06"]
[Round "11.13"]
[White "Arnott, Jonathan"]
[Black "Lyth, John D"]
[Result "0-1"]
[WhiteElo "2139"]
[BlackElo "2042"]
[PlyCount "60"]
[EventDate "2018.11.10"]
[EventType "team-swiss"]
[EventRounds "11"]
[EventCountry "ENG"]
[SourceTitle "EXT 2021"]
[Source "ChessBase"]
[SourceDate "2020.10.23"]
[SourceVersion "1"]
[SourceVersionDate "2020.10.23"]
[SourceQuality "1"]
[WhiteTeam "White Rose II"]
[BlackTeam "Manchester Manticores II"]
[WhiteTeamCountry "ENG"]
[BlackTeamCountry "ENG"]

1. d4 d5 2. c4 c6 3. Nf3 Nf6 4. cxd5 cxd5 5. Nc3 Nc6 6. Bf4 Bf5 7. e3 e6 8. Qb3 Bb4 9. Ne5 Qa5 10. Nxc6 bxc6 11. f3 0-0 12. h4 c5 13. a3 Bxc3+ 14. bxc3 h5 15. Bd6 Rfc8 16. Bxc5 Rab8 17. Bb4 Qc7 18. Ba6 Qg3+ 19. Kf1 Rc6 20. Qa4 Rcb6 21. Ra2 e5 22. Re2 Bd7 23. Qa5 Rxa6 24. Qxa6 Bb5 25. Qxa7 Bxe2+ 26. Kxe2 Qxg2+ 27. Kd3 e4+ 28. fxe4 dxe4+ 29. Kc4 Qa2+ 30. Kc5 Qd5# 0-1

[Event "BCF-chT3N 1819 (4NCL)"]
[Site "England"]
[Date "2019.01.12"]
[Round "3.16"]
[White "Anderson, Paul W"]
[Black "Arnott, Jonathan"]
[Result "0-1"]
[WhiteElo "1757"]
[BlackElo "2133"]
[PlyCount "70"]
[EventDate "2018.11.10"]
[EventType "team-swiss"]
[EventRounds "11"]
[EventCountry "ENG"]
[SourceTitle "EXT 2021"]
[Source "ChessBase"]
[SourceDate "2020.10.23"]
[SourceVersion "1"]
[SourceVersionDate "2020.10.23"]
[SourceQuality "1"]
[WhiteTeam "Jorvik"]
[BlackTeam "White Rose II"]
[WhiteTeamCountry "ENG"]
[BlackTeamCountry "ENG"]

1. c4 e5 2. Nc3 Nc6 3. Nf3 f5 4. d4 e4 5. Ng5 Be7 6. Nh3 Nf6 7. g3 d5 8. cxd5 Nxd5 9. Bg2 Bb4 10. Qd2 Nb6 11. e3 Be6 12. b3 Nd5 13. Bb2 g5 14. Rd1 h5 15. a3 Bxc3 16. Bxc3 Rh7 17. b4 g4 18. Nf4 Nxf4 19. gxf4 Qd5 20. Qb2 Ne7 21. Rc1 Ng6 22. Bd2 Nh4 23. 0-0 Qd6 24. b5 Nf3+ 25. Bxf3 gxf3 26. Kh1 0-0-0 27. Bb4 Qd7 28. Rg1 Rg8 29. d5 Rxg1+ 30. Rxg1 Qxd5 31. Qf6 b6 32. h4 Kb7 33. Kh2 Qa2 34. Kg3 Bd7 35. Rd1 Qg8+ 0-1

[Event "BCF-chT3N 1819 (4NCL)"]
[Site "England"]
[Date "2018.11.11"]
[Round "2.55"]
[White "Arnott, Jonathan"]
[Black "Mahoney, Nicholas"]
[Result "1-0"]
[WhiteElo "2131"]
[BlackElo "1705"]
[PlyCount "59"]
[EventDate "2018.11.10"]
[EventType "team-swiss"]
[EventRounds "11"]
[EventCountry "ENG"]
[SourceTitle "EXT 2021"]
[Source "ChessBase"]
[SourceDate "2020.10.23"]
[SourceVersion "1"]
[SourceVersionDate "2020.10.23"]
[SourceQuality "1"]
[WhiteTeam "White Rose II"]
[BlackTeam "Bradford DCA Knights III"]
[WhiteTeamCountry "ENG"]
[BlackTeamCountry "ENG"]

1. e4 e5 2. Nf3 Nc6 3. Bb5 a6 4. Ba4 Nf6 5. 0-0 Nxe4 6. Re1 Nc5 7. Bxc6 dxc6 8. Nxe5 Be6 9. Qh5 g6 10. Qf3 Qe7 11. Nxc6 Qd6 12. Ne5 0-0-0 13. Nxf7 Bxf7 14. Qxf7 Qd7 15. Qxd7+ Nxd7 16. d4 Bg7 17. c3 Rde8 18. Be3 Nb6 19. Na3 Na4 20. Re2 Re7 21. Rae1 Rhe8 22. Kf1 b5 23. Nb1 Nb6 24. Bg5 Rxe2 25. Rxe2 Kd7 26. Rxe8 Kxe8 27. Ke2 Kd7 28. Kd3 Nd5 29. Nd2 h6 30. Be3 1-0

[Event "EU-Cup 34th"]
[Site "Porto Carras"]
[Date "2018.10.18"]
[Round "7.4"]
[White "Arnott, Jonathan"]
[Black "Ledger, Dave J"]
[Result "1-0"]
[WhiteElo "2116"]
[BlackElo "2168"]
[PlyCount "111"]
[EventDate "2018.10.12"]
[EventType "team-swiss"]
[EventRounds "7"]
[EventCountry "GRE"]
[SourceTitle "CBM 187"]
[Source "ChessBase"]
[SourceDate "2018.12.11"]
[SourceVersion "1"]
[SourceVersionDate "2018.12.11"]
[SourceQuality "1"]
[WhiteTeam "White Rose"]
[BlackTeam "Blackthorne Russia"]
[WhiteTeamCountry "ENG"]
[BlackTeamCountry "ENG"]

1. e4 e5 2. Nf3 Nc6 3. Nc3 Nf6 4. d4 exd4 5. Nxd4 Bb4 6. Nxc6 bxc6 7. Bd3 d6 8. 0-0 Ng4 9. Na4 0-0 10. Be2 Qh4 11. Bf4 Nf6 12. g3 Qh3 13. a3 Ba5 14. b4 Bb6 15. Nxb6 axb6 16. f3 Nh5 17. Qd2 Nxf4 18. Qxf4 Re8 19. c4 Re5 20. Rf2 c5 21. b5 Bb7 22. Qd2 Qe6 23. Bd3 h5 24. a4 Ra5 25. Qc2 Qf6 26. Ra2 Re8 27. Bf1 Qd4 28. Ra3 Rea8 29. Kg2 g6 30. Rd2 Qe5 31. Bd3 h4 32. g4 Qf4 33. Rf2 f6 34. Kf1 Kg7 35. Qd1 Bc8 36. Bc2 Be6 37. Bb3 Qe3 38. Qc2 h3 39. Ra1 Qf4 40. Qd2 Qxd2 41. Rxd2 f5 42. exf5 gxf5 43. Re2 Bf7 44. Re7 fxg4 45. fxg4 Re8 46. Rxe8 Bxe8 47. Re1 Bf7 48. Kf2 Ra8 49. Kg3 Rh8 50. Re7 Kf6 51. Rxc7 Re8 52. g5+ Kg7 53. Bd1 Rh8 54. a5 bxa5 55. b6 Rb8 56. b7 1-0

[Event "EU-Cup 34th"]
[Site "Porto Carras"]
[Date "2018.10.17"]
[Round "6.4"]
[White "Artola Pola, Gerardo"]
[Black "Arnott, Jonathan"]
[Result "0-1"]
[WhiteElo "1988"]
[BlackElo "2116"]
[PlyCount "30"]
[EventDate "2018.10.12"]
[EventType "team-swiss"]
[EventRounds "7"]
[EventCountry "GRE"]
[SourceTitle "CBM 187"]
[Source "ChessBase"]
[SourceDate "2018.12.11"]
[SourceVersion "1"]
[SourceVersionDate "2018.12.11"]
[SourceQuality "1"]
[WhiteTeam "Dublin"]
[BlackTeam "White Rose"]
[WhiteTeamCountry "IRL"]
[BlackTeamCountry "ENG"]

1. e4 e6 2. d4 d5 3. Nc3 Nc6 4. Nf3 Nf6 5. e5 Ne4 6. Ne2 f6 7. exf6 Qxf6 8. Ng3 Bb4+ 9. c3 Nxc3 10. bxc3 Bxc3+ 11. Bd2 Bxd4 12. Rc1 0-0 13. Bb5 Ne5 14. Rxc7 Nxf3+ 15. gxf3 Qe5+ 0-1

[Event "EU-Cup 34th"]
[Site "Porto Carras"]
[Date "2018.10.16"]
[Round "5.4"]
[White "Arnott, Jonathan"]
[Black "Rathlev, Jakob"]
[Result "1-0"]
[WhiteElo "2116"]
[BlackElo "2263"]
[PlyCount "93"]
[EventDate "2018.10.12"]
[EventType "team-swiss"]
[EventRounds "7"]
[EventCountry "GRE"]
[SourceTitle "CBM 187"]
[Source "ChessBase"]
[SourceDate "2018.12.11"]
[SourceVersion "1"]
[SourceVersionDate "2018.12.11"]
[SourceQuality "1"]
[WhiteTeam "White Rose"]
[BlackTeam "Jetsmark"]
[WhiteTeamCountry "ENG"]
[BlackTeamCountry "DEN"]

1. e4 d5 2. exd5 Qxd5 3. Nc3 Qa5 4. Nf3 Nf6 5. Bc4 Bg4 6. Qe2 e6 7. Ne4 Nbd7 8. h3 Bf5 9. Nxf6+ Nxf6 10. Nd4 Be4 11. 0-0 0-0-0 12. c3 Qg5 13. f4 Qg3 14. d3 Bd5 15. Bxd5 Nxd5 16. Rf3 Qh4 17. Bd2 Bc5 18. Kh1 Bxd4 19. cxd4 g6 20. Rc1 Qe7 21. Bc3 h5 22. Qe5 Qd6 23. Re1 h4 24. Re4 Rh5 25. Qxd6 Rxd6 26. Re5 Rh8 27. Be1 Rc6 28. Kg1 Rc2 29. Rf2 Rxf2 30. Bxf2 Nxf4 31. Re4 Nxd3 32. Bxh4 Nxb2 33. Bf6 Rh5 34. d5 e5 35. g4 Rxh3 36. Rxe5 c5 37. Re8+ Kd7 38. Rd8+ Kc7 39. d6+ Kc6 40. Bxb2 Re3 41. Bf6 Rg3+ 42. Kf2 Rxg4 43. Be5 Re4 44. Rc8+ Kd7 45. Rc7+ Ke8 46. d7+ Kf8 47. d8Q# 1-0